Vybrané problémy priemyselnej politiky SR bakalárska práca

Gespeichert in:
Bibliographische Detailangaben
1. Verfasser: Švančara, Matej
Körperschaft: Národohospodárska fakulta EU. Katedra hospodárskej politiky
Weitere Verfasser: Morvay, Karol, 1973-
Format: Buch
Sprache:Slowakisch
Veröffentlicht: Bratislava 2014
Tags: Tag hinzufügen
Keine Tags, Fügen Sie das erste Tag hinzu!

MARC

LEADER 00000nbm a2200000 4500
001 0189372
005 20170201085331.2
041 0 |a slo 
044 |a SK 
245 1 0 |a Vybrané problémy priemyselnej politiky SR  |b bakalárska práca  |c Matej Švančara ; školiteľ: Karol Morvay 
264 1 |a Bratislava  |c 2014 
300 |a 40 s. 
100 1 |a Švančara, Matej 
700 1 |a Morvay, Karol, 1973- 
710 2 |a Národohospodárska fakulta EU. Katedra hospodárskej politiky